[Event "IECC CL5-2003.03 email"]
[Site "IECC email"]
[Date "2003.01.26"]
[Round "?"]
[White "Magalhaes, Joao Flavio"]
[Black "Reinders, Johanneke"]
[Result "0-1"]
[WhiteElo "1433"]
[BlackElo "1488"]
[PlyCount "74"]
[EventDate "2003.??.??"]
[EventType "tourn (corr)"]
[EventRounds "4"]
[SourceTitle "Corr 2008"]
[Source "ChessBase"]
[SourceDate "2008.06.24"]
[SourceVersion "1"]
[SourceVersionDate "2008.06.24"]
[SourceQuality "1"]

1. e4 c5 2. Nf3 d6 3. d4 cxd4 4. Nxd4 Nf6 5. Nc3 e6 6. g3 a6 7. Bg2 Qc7 8. 0-0 Nc6 9. Nxc6 bxc6 10. f4 Rb8 11. Re1 e5 12. Bf1 Be7 13. h3 exf4 14. gxf4 0-0 15. Kh2 Rd8 16. Bd3 Nd7 17. Rg1 Bf6 18. Na4 c5 19. Nc3 Bxc3 20. bxc3 f5 21. Bc4+ Kh8 22. exf5 Nf6 23. Be6 Re8 24. Re1 d5 25. Bxd5 Bxf5 26. Rxe8+ Rxe8 27. Bc4 Qa5 28. Bd2 Ne4 29. Be1 Qc7 30. Qc1 Ng5 31. Bd2 Qd6 32. Be3 Qh6 33. Bf1 Nxh3 34. Kg2 Qg6+ 35. Kh2 Qh5 36. Qd1 Bg4 37. Qc1 Ng5+ 0-1